000 00601nam a2200229Ia 4500
003 OSt
005 20230602113716.0
008 210423s2010 xx 000 0 und d
020 _a978-81-89948-28-3
040 _cAL
041 _aeng
082 _a301 ROWS
100 _aROWE (H K)
_9118845
245 _aSociety its origin and development
260 _aNew Delhi
_bSrishti Book Distributors
_c2010
300 _av,374
_bHB
365 _b1500
_cINR
650 _aSocial Sciences
_9118846
650 _aSociology
_9118847
906 _adevelopment ; its ; origin ; Society
942 _2ddc
_cBK
999 _c176505
_d176505